000 00600nam a2200217Ia 4500
003 OSt
005 20220926045604.0
006 a|||||r|||| 00| 0
007 ta
008 220923b |||||||| |||| 00| 0 eng d
037 _cGeneral Book
040 _aRTL
_cRTL
_beng
041 _2eng
_aeng
082 _aY:5:5(Y2).2.N8, M6/GD
110 _aIndia, Planning (Commission-)
245 0 _aEvaluation report on family planning programme
260 _c1986
700 _aIndia, Planning (Commission-)
942 _hY:5:5(Y2).2.N8, M6/GD
_cGB
_2CC
999 _c677993
_d677993